| 000 | 01968cab a2200265 ab4500 | ||
|---|---|---|---|
| 005 | 20230822063737.0 | ||
| 008 | 991125c2016 mx qr p o 000 0 spa d | ||
| 035 | _aUPN01000214835 | ||
| 040 |
_aMX-MxUPN _bspa _cMX-MxUPN _eaacr2 |
||
| 049 | _aART-E | ||
| 100 | 1 |
_aDiez-Martínez Day, María Evelyn _942058 |
|
| 245 | 1 | 0 |
_aAlfabetización socioeconómica y financiera de adolescentes mexicanos del siglo XXI _h[recurso electrónico en línea] |
| 506 | 0 | _aAcceso abierto | |
| 520 | 3 | _aLa psicología ha hecho aportaciones sobre la comprensión de los conceptos económicos y financieros durante el desarrollo; en México los estudios sobre cómo se adquieren estos conocimientos han sido escasos. En la educación están incluidos dentro de la “alfabetización económica”, sin embargo, esta alfabetización no ha sido incluida en los currículos formales de los diferentes niveles educativos a pesar de ser considerada actualmente como competencia esencial para los adolescentes del siglo XXI. Este estudio analizó la comprensión de conceptos de esta alfabetización en 245 adolescentes (de 12 a 16 años de edad) en escuelas públicas y privadas. Se aplicó un cuestionario con preguntas sobre la remuneración por el trabajo, la ganancia, los intereses en préstamos y la oferta y demanda. Los resultados indican que aún en los sujetos mayores, la comprensión de los conceptos estudiados no es adecuada. Se discuten los resultados desde la Psicología del Desarrollo del Pensamiento Socioeconómico. REDIE | |
| 650 | 2 |
_aEducación financiera _927563 |
|
| 650 | 2 |
_aFinanzas personales _92406 |
|
| 653 | 0 | _aEducación económica | |
| 653 | 0 | _aFinanzas personales | |
| 653 | 0 | _aAdolescentes | |
| 773 |
_gVol. 18, no. 2 (2016), p. 130-143 _tREDIE : revista electrónica de investigación educativa _x1607-4041 |
||
| 856 | 4 | _uhttp://redie.uabc.mx/redie/article/view/861/1448 | |
| 902 | _bLeonor Sotres/210823 | ||
| 905 | _aArticulo | ||
| 942 | _cART-E | ||
| 999 |
_c186935 _d186935 |
||